Loading...
Literature - British Literature | 4 | 3 | 1 | 0 | 85 | 45 | 74.14 | 2 | 5 |
Literature - World Literature | 4 | 2 | 1 | 0 | 75 | 28 | 64.17 | 3 | 6 |
Literature - European Literature | 3 | 1 | 1 | 0 | 50 | 36 | 51.75 | 4 | 4 |
Literature - American Literature | 2 | 1 | 0 | 0 | 40 | 48 | 71.67 | 2 | 3 |
Science - Chemistry | 1 | 2 | 0 | 0 | 35 | 57 | 74.00 | 2 | 3 |
Visual Arts | 2 | 0 | 0 | 0 | 30 | 33 | 48.50 | 1 | 2 |
Science - Biology | 1 | 2 | 1 | 1 | 30 | 58 | 93.00 | 1 | 3 |
Beliefs | 0 | 2 | 1 | 0 | 15 | 94 | 106.50 | 0 | 0 |
History - World History | 1 | 0 | 0 | 0 | 15 | 30 | 30.00 | 0 | 1 |
Fine Arts - Other Arts | 0 | 1 | 0 | 0 | 10 | 77 | 77.00 | 0 | 1 |
Philosophy | 0 | 1 | 0 | 0 | 10 | 87 | 87.00 | 1 | 1 |
Auditory Arts | 0 | 1 | 0 | 0 | 10 | 101 | 101.00 | 1 | 1 |
Social Science | 0 | 1 | 0 | 1 | 10 | 133 | 133.00 | 0 | 0 |